[Event "GER-ch Net blitz qual4"]
[Site "Playchess.com INT"]
[Date "2020.03.23"]
[Round "6"]
[White "Augustin, Christian"]
[Black "Becker, Linda"]
[Result "0-1"]
[WhiteElo "1963"]
[BlackElo "1685"]
[PlyCount "46"]
[EventDate "2020.03.23"]
[EventType "swiss (blitz)"]
[EventRounds "9"]
[EventCountry "GER"]
[SourceTitle "CBM 195 Extra"]
[Source "ChessBase"]
[SourceDate "2020.05.31"]
[SourceVersion "1"]
[SourceVersionDate "2020.05.31"]
[SourceQuality "1"]

1. d4 e6 2. Nf3 d5 3. e3 Nf6 4. Bd3 c5 5. c3 Nc6 6. Nbd2 Be7 7. 0-0 0-0 8. Qe2 b6 9. dxc5 bxc5 10. e4 Bb7 11. e5 Nd7 12. b3 h6 13. Bb2 Qc7 14. Rfe1 a6 15. h3 a5 16. Nh2 d4 17. cxd4 cxd4 18. f4 Nb4 19. Bb1 Bc5 20. a3 d3+ 21. Qe3 Bxe3+ 22. Rxe3 Nc2 23. Bxc2 Qxc2 0-1

[Event "GER-ch Net blitz qual4"]
[Site "Playchess.com INT"]
[Date "2020.03.23"]
[Round "8"]
[White "Beesk, Kevin"]
[Black "Augustin, Christian"]
[Result "0-1"]
[WhiteElo "1968"]
[BlackElo "1963"]
[PlyCount "42"]
[EventDate "2020.03.23"]
[EventType "swiss (blitz)"]
[EventRounds "9"]
[EventCountry "GER"]
[SourceTitle "CBM 195 Extra"]
[Source "ChessBase"]
[SourceDate "2020.05.31"]
[SourceVersion "1"]
[SourceVersionDate "2020.05.31"]
[SourceQuality "1"]

1. Nc3 Nf6 2. e4 d5 3. exd5 Nxd5 4. Bc4 Nxc3 5. Qf3 e6 6. dxc3 Bd6 7. Ne2 Nc6 8. Bf4 Qf6 9. Qg3 e5 10. Bg5 Qg6 11. 0-0-0 0-0 12. Qe3 Kh8 13. h4 h6 14. Bd3 Bf5 15. Bxh6 Bxd3 16. Bxg7+ Kxg7 17. Rxd3 Qh6 18. f4 exf4 19. Qe4 f3+ 20. Kb1 fxe2 21. g4 Rae8 0-1

[Event "GER-ch Net blitz qual4"]
[Site "Playchess.com INT"]
[Date "2020.03.23"]
[Round "3"]
[White "Lu, Yunong Elias"]
[Black "Augustin, Christian"]
[Result "0-1"]
[WhiteElo "1521"]
[BlackElo "1963"]
[PlyCount "104"]
[EventDate "2020.03.23"]
[EventType "swiss (blitz)"]
[EventRounds "9"]
[EventCountry "GER"]
[SourceTitle "CBM 195 Extra"]
[Source "ChessBase"]
[SourceDate "2020.05.31"]
[SourceVersion "1"]
[SourceVersionDate "2020.05.31"]
[SourceQuality "1"]

1. e4 Nc6 2. d4 d5 3. exd5 Qxd5 4. Nf3 Bg4 5. Be3 Bxf3 6. Qxf3 Qxf3 7. gxf3 0-0-0 8. Nc3 Nxd4 9. Bh3+ Kb8 10. 0-0-0 e5 11. f4 Be7 12. fxe5 Nf3 13. Rxd8+ Bxd8 14. Rd1 Ne7 15. e6 fxe6 16. Bxe6 Nxh2 17. Bg5 Nf3 18. Bf4 Nc6 19. Bd5 Bg5 20. Bxg5 Nxg5 21. Ne4 Nxe4 22. Bxe4 Ne5 23. Bxh7 c6 24. Be4 Kc7 25. f4 Nc4 26. b3 Nd6 27. Bd3 Rf8 28. Rf1 Nf5 29. Rg1 Kb6 30. Bxf5 Rxf5 31. Rxg7 Rxf4 32. Kb2 a5 33. Rg5 Rf3 34. Re5 Ka6 35. Re6 Kb6 36. Rh6 Rf7 37. Rd6 Kc7 38. Rh6 b5 39. Rh5 Kb6 40. Re5 Rf6 41. Re4 b4 42. Rc4 c5 43. a3 Rf2 44. a4 Kc6 45. Rh4 Re2 46. Rh6+ Kd5 47. Ra6 Kd4 48. Rxa5 c4 49. bxc4 Kxc4 50. Rb5 Re3 51. Rb8 Ra3 52. Rc8+ Kd4 0-1

[Event "GER-ch Net blitz qual3"]
[Site "Playchess.com INT"]
[Date "2020.03.21"]
[Round "5"]
[White "Lachmann, Utz"]
[Black "Augustin, Christian"]
[Result "1-0"]
[WhiteElo "2093"]
[BlackElo "1963"]
[PlyCount "71"]
[EventDate "2020.03.21"]
[EventType "swiss (blitz)"]
[EventRounds "9"]
[EventCountry "GER"]
[SourceTitle "CBM 195 Extra"]
[Source "ChessBase"]
[SourceDate "2020.05.31"]
[SourceVersion "1"]
[SourceVersionDate "2020.05.31"]
[SourceQuality "1"]

1. e4 c6 2. d4 d5 3. e5 Bf5 4. Nc3 e6 5. g4 Bg6 6. Nge2 Ne7 7. h4 h6 8. Nf4 Bh7 9. Bd3 Bxd3 10. Qxd3 Na6 11. a3 Nc8 12. Be3 Be7 13. Nh5 Rg8 14. 0-0-0 Nb6 15. f4 Qc7 16. f5 0-0-0 17. fxe6 fxe6 18. Qg6 Nc4 19. Qxe6+ Kb8 20. Rd3 Nxa3 21. bxa3 Bxa3+ 22. Kd2 Nb4 23. Nxd5 Nxd5 24. Rxa3 Qb6 25. Rb3 Qa5+ 26. Ke2 Nc3+ 27. Kd3 Nd5 28. Rhb1 Qa6+ 29. Kd2 b5 30. Nf4 Rge8 31. Rxb5+ Ka8 32. Nxd5 Qxb5 33. Rxb5 cxb5 34. Qc6+ Kb8 35. Qxb5+ Ka8 36. Nc7# 1-0

[Event "DESC T0075 email"]
[Site "DESC email"]
[Date "2002.12.15"]
[Round "?"]
[White "Augustin, Christian"]
[Black "Rennert, Ralf"]
[Result "0-1"]
[WhiteElo "1881"]
[BlackElo "1929"]
[PlyCount "60"]
[EventDate "2002.??.??"]
[EventType "tourn (corr)"]
[EventRounds "8"]
[EventCountry "GER"]
[SourceTitle "Corr 2004"]
[Source "ChessBase"]
[SourceDate "2003.04.28"]
[SourceVersion "3"]
[SourceVersionDate "2003.04.28"]
[SourceQuality "1"]

1. f4 e5 2. fxe5 d6 3. exd6 Bxd6 4. Nf3 Nf6 5. d3 0-0 6. Bg5 Nc6 7. e4 h6 8. Bh4 Re8 9. Be2 g5 10. Bf2 Ng4 11. Bg1 f5 12. Nc3 Bf4 13. Nd2 Ne3 14. Bxe3 Bxe3 15. Rf1 Bf4 16. g3 Be5 17. exf5 Nd4 18. Nc4 Nxf5 19. Ne4 Bg7 20. Bh5 Re7 21. Qe2 b5 22. Na5 Qd5 23. c3 b4 24. cxb4 Nd4 25. Qg2 Kh8 26. Nc4 g4 27. Bg6 Qg5 28. Bf7 Nf3+ 29. Rxf3 gxf3 30. Qxf3 Bg4 0-1

[Event "DESC op R1 G09 email"]
[Site "DESC email"]
[Date "2001.10.01"]
[Round "?"]
[White "Augustin, Christian"]
[Black "Vetter, Udo"]
[Result "0-1"]
[WhiteElo "2027"]
[BlackElo "1991"]
[PlyCount "26"]
[EventDate "2001.??.??"]
[EventType "tourn (corr)"]
[EventRounds "3"]
[EventCountry "GER"]
[SourceTitle "Corr 2004"]
[Source "ChessBase"]
[SourceDate "2003.04.28"]
[SourceVersion "3"]
[SourceVersionDate "2003.04.28"]
[SourceQuality "1"]

1. d4 d5 2. Nf3 Nf6 3. Bf4 Bf5 4. c3 Nbd7 5. e3 e6 6. Bd3 Bxd3 7. Qxd3 c5 8. Nbd2 Be7 9. 0-0 Nh5 10. Be5 f6 11. Bg3 Nxg3 12. fxg3 0-0 13. Kh1 c4 0-1

[Event "DESC op R1 G09 email"]
[Site "DESC email"]
[Date "2001.10.01"]
[Round "?"]
[White "Grott, Peter"]
[Black "Augustin, Christian"]
[Result "1-0"]
[WhiteElo "2075"]
[BlackElo "2027"]
[PlyCount "31"]
[EventDate "2001.??.??"]
[EventType "tourn (corr)"]
[EventRounds "3"]
[EventCountry "GER"]
[SourceTitle "Corr 2004"]
[Source "ChessBase"]
[SourceDate "2003.04.28"]
[SourceVersion "3"]
[SourceVersionDate "2003.04.28"]
[SourceQuality "1"]

1. e4 e6 2. d4 d5 3. Nc3 Bb4 4. a3 Bxc3+ 5. bxc3 dxe4 6. f3 b6 7. Nh3 Bb7 8. fxe4 Bxe4 9. Ng5 Bg6 10. Bb5+ c6 11. Bd3 Nf6 12. 0-0 Bxd3 13. cxd3 Nbd7 14. Ne4 Nxe4 15. dxe4 0-0 16. Qg4 1-0

[Event "Saarlouis op 4th"]
[Site "Saarlouis"]
[Date "2001.05.27"]
[Round "9"]
[White "Augustin, Christian"]
[Black "Schampel, Arno"]
[Result "1-0"]
[WhiteElo "2179"]
[BlackElo "1672"]
[PlyCount "105"]
[EventDate "2001.05.??"]
[EventType "swiss"]
[EventRounds "9"]
[EventCountry "GER"]
[SourceTitle "EXT 2006"]
[Source "ChessBase"]
[SourceDate "2005.11.24"]
[SourceVersion "1"]
[SourceVersionDate "2005.11.24"]
[SourceQuality "1"]

1. d4 Nf6 2. Bg5 e6 3. Nf3 d5 4. e3 Be7 5. Bd3 Nbd7 6. Nbd2 c5 7. c3 c4 8. Bc2 b5 9. e4 dxe4 10. Nxe4 Bb7 11. Qe2 0-0 12. Nxf6+ Nxf6 13. 0-0 h6 14. Bf4 Qd5 15. Rfe1 Qh5 16. Kh1 Rfe8 17. Be5 Bxf3 18. gxf3 Nd5 19. Rg1 Bg5 20. Bg3 f5 21. Be5 Nf4 22. Qe3 Nd5 23. Qe2 a6 24. Bd1 Ra7 25. a4 Bf4 26. Rg2 Bxe5 27. Qxe5 b4 28. cxb4 Qf7 29. Be2 c3 30. bxc3 Nxc3 31. Bc4 Nd5 32. Bxd5 exd5 33. Rxg7+ Qxg7 34. Qxe8+ Kh7 35. Rg1 Qf7 36. Qxf7+ Rxf7 37. Rb1 Rb7 38. b5 Kg6 39. b6 Kg5 40. a5 Kf4 41. Rb3 Kg5 42. Rc3 h5 43. Rc5 h4 44. h3 Kf4 45. Rxd5 Kxf3 46. Rxf5+ Ke4 47. Rh5 Kf3 48. Rxh4 Kxf2 49. d5 Kg3 50. Rc4 Rf7 51. Rc3+ Kh4 52. d6 Rd7 53. Rd3 1-0

[Event "Saarlouis op 4th"]
[Site "Saarlouis"]
[Date "2001.05.23"]
[Round "6"]
[White "Lutz, Oliver"]
[Black "Augustin, Christian"]
[Result "1-0"]
[WhiteElo "1978"]
[BlackElo "2179"]
[PlyCount "121"]
[EventDate "2001.05.??"]
[EventType "swiss"]
[EventRounds "9"]
[EventCountry "GER"]
[SourceTitle "EXT 2006"]
[Source "ChessBase"]
[SourceDate "2005.11.24"]
[SourceVersion "1"]
[SourceVersionDate "2005.11.24"]
[SourceQuality "1"]

1. e4 d5 2. exd5 Qxd5 3. Nc3 Qa5 4. d4 c6 5. Bc4 Bf5 6. Bd2 e6 7. Nf3 Nf6 8. Nd5 Qd8 9. Nxf6+ gxf6 10. c3 Rg8 11. Nh4 Bg4 12. f3 f5 13. g3 Bh3 14. Qe2 Nd7 15. 0-0-0 Qf6 16. Ng2 Bxg2 17. Qxg2 0-0-0 18. Bf4 Bh6 19. Qd2 Bxf4 20. Qxf4 Qg5 21. Qxg5 Rxg5 22. Rd2 Nf6 23. Bb3 f4 24. g4 b5 25. h4 Rg7 26. Re1 h6 27. a4 bxa4 28. Bxa4 Kc7 29. c4 Rb8 30. Kc2 Rgg8 31. Kc3 Rgd8 32. b4 a5 33. b5 cxb5 34. Bxb5 Kd6 35. Ra1 Nd5+ 36. Kd3 Nb4+ 37. Ke4 Nc6 38. Bxc6 Kxc6 39. Rxa5 Rb4 40. Rc5+ Kb6 41. Rh5 Rxc4 42. Rxh6 Kc6 43. Rf6 Rh8 44. h5 Rh7 45. Rxf4 Kd6 46. Ra2 Rc6 47. Rf6 Ke7 48. Ke5 Rc7 49. h6 Rd7 50. Ra5 Rxd4 51. Rxe6+ fxe6 52. Kxd4 Rxh6 53. Ke5 Rg6 54. Ra7+ Kf8 55. Rh7 Ke8 56. Rh5 Ke7 57. g5 Rg7 58. f4 Rf7 59. g6 Rf8 60. Rh7+ Kd8 61. g7 1-0

[Event "Saarlouis op 4th"]
[Site "Saarlouis"]
[Date "2001.05.19"]
[Round "1"]
[White "Augustin, Christian"]
[Black "Rau, Dietmar"]
[Result "1-0"]
[WhiteElo "2179"]
[BlackElo "1658"]
[PlyCount "123"]
[EventDate "2001.05.??"]
[EventType "swiss"]
[EventRounds "9"]
[EventCountry "GER"]
[SourceTitle "EXT 2006"]
[Source "ChessBase"]
[SourceDate "2005.11.24"]
[SourceVersion "1"]
[SourceVersionDate "2005.11.24"]
[SourceQuality "1"]

1. d4 Nf6 2. Bg5 Ne4 3. Bf4 d5 4. Nd2 Bf5 5. e3 e6 6. Bd3 Bd6 7. Bxe4 dxe4 8. Ne2 Nd7 9. c4 0-0 10. h4 h6 11. Qc2 Nf6 12. 0-0-0 Ng4 13. Rdf1 e5 14. dxe5 Bxe5 15. Bxe5 Nxe5 16. Nf4 Nd3+ 17. Nxd3 exd3 18. Qc3 Re8 19. g4 Be4 20. f3 Bc6 21. e4 Qd6 22. Re1 Rad8 23. Re3 Qd4 24. Qxd4 Rxd4 25. b3 b5 26. Rd1 f6 27. Kb2 b4 28. Nf1 Red8 29. Ng3 g6 30. Rd2 a5 31. Nh1 Kf7 32. Nf2 Ke6 33. Rexd3 Rxd3 34. Rxd3 Re8 35. Kc2 Ke5 36. Nh3 h5 37. gxh5 gxh5 38. Kd2 Rg8 39. Ke3 Ke6 40. Nf4+ Ke7 41. Nd5+ Bxd5 42. Rxd5 a4 43. bxa4 Rg2 44. Rd2 Rg8 45. a5 c6 46. Rb2 c5 47. a3 Rb8 48. axb4 cxb4 49. Kd4 Kd6 50. a6 Kc6 51. a7 Rd8+ 52. Ke3 Kc5 53. Ra2 Ra8 54. Kd3 Rd8+ 55. Kc2 Ra8 56. Kb3 Kd4 57. Kxb4 Ke3 58. Ra3+ Kf4 59. Kb5 Kg3 60. Kb6 Kxh4 61. c5 Kg5 62. c6 1-0

[Event "DESC op R2 G-H email"]
[Site "DESC email"]
[Date "2001.05.10"]
[Round "?"]
[White "Martins, Karin"]
[Black "Augustin, Christian"]
[Result "1-0"]
[WhiteElo "1853"]
[BlackElo "1941"]
[PlyCount "41"]
[EventDate "2000.??.??"]
[EventType "tourn (corr)"]
[EventRounds "4"]
[EventCountry "GER"]
[SourceTitle "Corr 2008"]
[Source "ChessBase"]
[SourceDate "2008.06.24"]
[SourceVersion "1"]
[SourceVersionDate "2008.06.24"]
[SourceQuality "1"]

1. e4 d5 2. exd5 Qxd5 3. Nf3 Bg4 4. Be2 Nc6 5. d4 0-0-0 6. c4 Qa5+ 7. Bd2 Qf5 8. d5 Bxf3 9. dxc6 Bxc6 10. Bg4 Nh6 11. Bxf5+ Nxf5 12. 0-0 e6 13. Nc3 Bc5 14. Qe2 Nd4 15. Qh5 f5 16. Rad1 g6 17. Qh3 e5 18. Bg5 Rde8 19. a3 a5 20. Nd5 Kb8 21. b4 1-0